Alliterative Top 200 Harry Potter Quiz Stats

 Plays Quiz not verified by Sporcle

Score 0/26 Timer 08:00
2 Plays Today
Mentions Alliterative Name % Correct
1956Severus Snape
92.8%
770Minerva McGonagall
87.7%
356Luna Lovegood
79.6%
467Dudley Dursley
74.2%
23Padma Patil
72.7%
133Parvati Patil
72.5%
140Filius Flitwick
72%
28Rowena Ravenclaw
69.1%
70Salazar Slytherin
69.1%
63Godric Gryffindor
69%
14Helga Hufflepuff
68.9%
486Peter Pettigrew
67.4%
228Gregory Goyle
64.2%
Mentions Alliterative Name % Correct
215Cho Chang
63.6%
77Colin Creevey
59.4%
122Quirinus Quirrell
59.1%
156Poppy Pomfrey
58.2%
68Pansy Parkinson
56.6%
77Bathilda Bagshot
54.2%
27Dedalus Diggle
49.6%
302William 'Bill' Weasley
48.3%
73Gellert Grindelwald
41.5%
39Ted Tonks
40.7%
85Stan Shunpike
35.6%
16Piers Polkiss
30.2%
26Broderick Bode
21.6%

You're not logged in!

Compare scores with friends on all Sporcle quizzes.
OR
Log In

You Might Also Like...

Show Comments

Extras

Top Quizzes Today


Score Distribution

Your Account Isn't Verified!

In order to create a playlist on Sporcle, you need to verify the email address you used during registration. Go to your Sporcle Settings to finish the process.

Report this User

Report this user for behavior that violates our Community Guidelines.

Details: